000 00654nam a2200277Ia 4500
005 20260324120932.0
008 008 260324s9999 xx 000 0 eng d
020 _a9781315817453
037 _aEBOOK
040 _aCRL
040 _beng
040 _cCRL
041 _2eng
041 _aeng
084 _qCRL
100 _aGreg Singh
_91138732
245 0 _aFeeling Film: Affect and Authenticity in Popular Cinema
260 _bTaylor and Francis
260 _c2014
365 _a
365 _b280
856 _uhttp://www.taylorfrancis.com/books/9781315817453
942 _cEBOOK
999 _c1752339
_d1752339